[Event "WSTCC-65 2020"]
[Site "Prague"]
[Date "2020.03.07"]
[Round "2.17"]
[White "Pruefer, Friedbert"]
[Black "James, Kevin"]
[Result "1-0"]
[WhiteElo "2214"]
[BlackElo "1924"]
[Annotator "TA"]
[PlyCount "85"]
[EventDate "2020.03.06"]
[EventType "team-tourn"]
[EventCountry "CZE"]
[SourceTitle "playchess.com"]
[Source "ChessBase"]
[SourceQuality "1"]

{[%evp 9,85,0,46,22,51,-10,14,18,31,24,83,76,91,84,117,93,116,114,124,125,226,231,221,222,220,235,235,243,249,231,241,237,241,234,215,190,195,161,133,56,75,0,0,0,119,0,0,0,0,-345,-334,-303,0,0,144,150,292,350,313,354,346,346,310,174,418,398,452,446,548,551,700,660,1573,1888,2631,1425,1327,1256]} 1. d4 g6 2. g3 Bg7 3. Bg2 c5 4. d5 d6 5. Nc3 Bd7 {[#]} 6. e4 $146 {A43: Schmid Benoni.} ({Predecessor:} 6. a4 Qc8 7. Ne4 Na6 8. h4 h6 9. c4 Nf6 10. Nxf6+ Bxf6 11. Nh3 Nb4 12. Ra3 Qc7 {0-1 (46) Vallejo Pons,F (2554)-Blehm,P (2518) Aviles 2000}) 6... b5 7. Qe2 (7. Nf3 $14) 7... Qb6 8. Nd1 {[%cal Bc3d1,Bd1e3,Be3g4,Bg4f6][%mdl 32] The position is equal.} Na6 9. Nf3 e5 (9... Nh6 $11) 10. dxe6 $16 fxe6 11. Ne3 Ne7 12. e5 d5 13. Ng4 Rf8 14. Bg5 Nc6 (14... Ng8 $16) 15. Bf6 Bxf6 16. Nxf6+ Rxf6 17. exf6 O-O-O 18. O-O Rf8 19. Ng5 Rxf6 20. Nxh7 Rf5 21. c3 c4 22. Kh1 Nc5 23. h4 Nd3 24. f3 ({White should try} 24. Kg1 $16) 24... Ne7 $14 {[#] Black wants to play ...Rf7.} 25. f4 (25. Kh2 $1 $16) 25... e5 $1 $11 26. Bh3 d4 (26... Rh5 $11 27. Ng5 Bxh3 28. Nxh3 e4) 27. Bxf5 (27. Ng5 $16) 27... Nxf5 28. Kh2 exf4 29. Rxf4 $2 {[%mdl 8192] [#]} (29. gxf4 $11 Ne3 30. Ng5) 29... Nxf4 $19 30. gxf4 Nxh4 $2 (30... d3 $19 31. Qg2 Nxh4) 31. Qf2 $36 {[%mdl 2048] White is pushing.} g5 (31... Nf5 $11 {remains equal.}) 32. fxg5 $16 Nf5 (32... Qd6+ $16 33. Kg1 dxc3 34. bxc3 (34. Qxh4 $2 cxb2 35. Re1 c3 $19) 34... Ng6) 33. Nf6 $18 Qd6+ 34. Kg1 d3 35. Nxd7 Qxd7 {[%mdl 4096] Endgame KQR-KQN} 36. Qf3 (36. Qc5+ $142 Kd8 37. Qe5) 36... Kb8 $2 (36... Qe6 {keeps fighting.} 37. Rf1 (37. Qa8+ Kd7 $16) 37... d2) 37. Qf4+ Kb7 38. Kf2 {White is clearly winning.} a5 39. Re1 Ka6 40. Qe4 d2 41. Qe6+ Qxe6 42. Rxe6+ Kb7 43. Ke2 {Never resign too early! Accuracy: White = 71%, Black = 57%.} 1-0

[Event "WSTCC-65 2020"]
[Site "Prague"]
[Date "2020.03.07"]
[Round "2.18"]
[White "Gibson, John F."]
[Black "Brock, Friedemann"]
[Result "0-1"]
[WhiteElo "1830"]
[BlackElo "2230"]
[Annotator "TA"]
[PlyCount "54"]
[EventDate "2020.03.06"]
[EventType "team-tourn"]
[EventCountry "CZE"]
[SourceTitle "playchess.com"]
[Source "ChessBase"]
[SourceQuality "1"]

{[%evp 13,54,1,2,9,7,4,-1,-51,-43,-50,-28,-77,-66,-74,-60,-80,-70,-166,-179,-401,-393,-384,-387,-395,-370,-520,-520,-551,-551,-593,-595,-614,-604,-871,-847,-939,-938,-902,-910,-1066,-1054,-2018,-1905]} 1. c4 e5 2. Nc3 Nf6 3. g3 Bb4 4. Bg2 O-O 5. e4 Bxc3 6. bxc3 c6 7. Ne2 {7.Nf3 is the hot move. Played by Vladislav Artemiev in November 2019. 7.Qb3 is not played anymore.} d5 8. cxd5 {A22: English Opening: 1...e5 2 Nc3 Nf6.} cxd5 9. exd5 Nxd5 10. Qb3 {The position is equal.} Nb6 11. O-O Nc6 {[#]} 12. a4 $146 ({Predecessor:} 12. d4) 12... Be6 13. Qc2 Rc8 14. Ba3 Re8 15. f4 (15. d3 $15) 15... Bc4 $19 16. Rf2 $2 {[#]} (16. Bxc6 {might work better.} Rxc6 17. Rf2) 16... Bxe2 $1 17. Be4 Bh5 18. a5 Nd5 19. f5 (19. Bxh7+ $142 Kh8 20. Bf5) 19... Nxa5 {Black is clearly winning.} 20. h3 f6 21. Rb1 Bf7 22. Qa4 b6 23. g4 Nc4 24. Bc1 Nf4 25. Kh2 Nd3 26. Rg2 Nc5 27. Bc6 Nxa4 {White got outplayed after the opening. Accuracy: White = 48%, Black = 100%.} 0-1

[Event "WSTCC-65 2020"]
[Site "Prague"]
[Date "2020.03.07"]
[Round "2.19"]
[White "Schoeneberg, Manfred"]
[Black "Lynch, Peter J."]
[Result "1-0"]
[WhiteElo "2144"]
[BlackElo "1645"]
[Annotator "TA"]
[PlyCount "63"]
[EventDate "2020.03.06"]
[EventType "team-tourn"]
[EventCountry "CZE"]
[SourceTitle "playchess.com"]
[Source "ChessBase"]
[SourceQuality "1"]

{[%evp 14,63,0,-5,56,48,78,71,100,58,85,42,46,33,52,53,46,8,23,-16,65,58,63,66,123,123,117,84,114,97,477,473,473,445,612,612,565,539,497,484,848,862,833,826,1121,965,1248,1205,4910,2325,2039,1826]} 1. e4 c5 2. Nf3 d6 3. d4 cxd4 4. Qxd4 Nc6 5. Bb5 Bd7 6. Bxc6 Bxc6 7. Nc3 {7.c4 is not played anymore.} e6 8. Bg5 Qc7 {B53: Sicilian: 2...d6: Lines with Qxd4.} (8... Nf6 $11) 9. O-O-O $14 f6 10. Be3 a6 {[#] White is better.} 11. Qb6 $146 ({Predecessor:} 11. Qc4 Qf7 12. Rhe1 Be7 13. Qd3 h5 14. Nd4 Bd7 15. f4 f5 16. exf5 exf5 17. Bf2 {1-0 (40) Mar,K (2038)-Wilfling,S (1835) Austria 2019}) 11... Rc8 12. Qxc7 Rxc7 13. Nd4 (13. Kb1 {keeps more tension.} b5 14. a3 Kf7 15. Bb6 Rc8 16. Ba5) 13... Kf7 14. Nxc6 Rxc6 15. f4 Ne7 16. g4 Nc8 ({Black should play} 16... h5 $11) 17. f5 $36 {[%mdl 2048] Black is under pressure.} e5 18. h4 Nb6 (18... b5 $14) 19. Bxb6 $16 Rxb6 20. g5 Rc6 21. Rh3 h5 $2 {[%mdl 8192] [#] A mistake that costs the game.} (21... Rc4 $16 {is more resistant.}) 22. g6+ $18 {White is clearly winning.} Ke8 23. Nd5 Be7 24. Rb3 b5 {[#]} 25. a4 $1 {[%mdl 512]} Rc5 (25... bxa4 26. Rb7) 26. axb5 axb5 (26... a5 $142 27. Ra3 Bd8) 27. Ra3 Bd8 28. Ra7 Rg8 29. Rd3 Rc4 30. Rb3 Ra4 31. Rxa4 bxa4 32. Rb7 {Accuracy: White = 78%, Black = 17%.} 1-0

[Event "WSTCC-65 2020"]
[Site "Prague"]
[Date "2020.03.07"]
[Round "2.21"]
[White "Boehnisch, Manfred"]
[Black "Knaak, Rainer"]
[Result "0-1"]
[WhiteElo "2246"]
[BlackElo "2478"]
[Annotator "TA"]
[PlyCount "84"]
[EventDate "2020.03.06"]
[EventType "team-tourn"]
[EventCountry "CZE"]
[SourceTitle "playchess.com"]
[Source "ChessBase"]
[SourceQuality "1"]

{[%evp 11,84,0,5,-20,-13,-20,-16,-20,-22,-22,-22,-58,-25,-55,-57,-69,-50,-51,-37,-83,-54,-54,-60,-59,-63,-54,-64,-43,-54,-47,-47,-27,-19,-41,0,-64,-51,-35,-47,-99,-97,-104,-104,-104,-110,-112,-112,-105,-96,-257,-256,-256,-269,-257,-250,-256,-260,-239,-183,-172,-169,-262,-256,-250,-254,-396,-352,-368,-333,-508,-499,-594,-584,-658,-656]} 1. e4 e6 2. Nf3 d5 3. exd5 exd5 4. d4 Bd6 5. c4 Nf6 6. Nc3 O-O 7. Be2 {C01: French: Exchange Variation.} dxc4 8. O-O Be6 9. Ng5 {The position is equal.} Bf5 10. Bxc4 Nc6 {[#]} 11. f4 $146 ({Predecessor:} 11. Nf3 Bg4 12. d5 Bxf3 13. Qxf3 Ne5 14. Qe2 Re8 15. Bb5 c6 16. dxc6 bxc6 17. Ba4 {0-1 (43) Puszkarek,K (1742)-Szusterowski,R (2081) Murzasichle 2011}) 11... Qd7 12. a3 Rad8 13. b4 h6 14. Nf3 Ne7 15. Qb3 c6 16. Ne5 Bxe5 17. dxe5 Qd4+ 18. Kh1 Ng4 19. h3 Nf2+ 20. Kh2 Bd3 $36 {[%mdl 2048] Black is more active.} 21. Bxd3 Nxd3 22. Rb1 $1 h5 23. Ne2 ({White should play} 23. Rf3 $11) 23... Qe4 $15 24. Ng3 {[%mdl 64] Double Attack} Qh7 $1 25. Qc2 (25. Be3 $15) 25... h4 $17 26. Nh1 Qg6 27. Qe2 Nf5 28. Be3 Rd5 29. Rb3 Rfd8 30. Rf3 $2 {Now White is beyond hope.} (30. Rc3 $17) 30... Nd4 $19 {[%mdl 64] Overworked Piece} 31. Bxd4 {[#]} Nc1 $1 {[%cal Rc1e2][%mdl 64] Double Attack} ({Weaker is} 31... Rxd4 32. f5 $11) 32. Qe1 Nxb3 33. Rxb3 Rxd4 34. Qxh4 Qf5 35. Rf3 {[#]} R8d7 $1 36. Ng3 {[#]} (36. Qe1 $142) 36... Qxe5 $1 {[%mdl 512]} 37. Qg4 (37. fxe5 Rxh4) 37... Qf6 38. Ne2 (38. Ne4 $142 Qg6 39. Qxg6 fxg6 40. Nc5) 38... Rd2 39. Rg3 Rd8 40. f5 (40. Re3 $142) 40... R8d3 {Black is clearly winning.} 41. Nf4 Rxg3 42. Kxg3 Rd4 {Accuracy: White = 51%, Black = 93%.} 0-1

[Event "WSTCC-65 2020"]
[Site "Prague"]
[Date "2020.03.07"]
[Round "2.22"]
[White "Chevelevitch, Evgueni"]
[Black "Beltz, Robert"]
[Result "1-0"]
[WhiteElo "2391"]
[BlackElo "2158"]
[Annotator "TA"]
[PlyCount "77"]
[EventDate "2020.03.06"]
[EventType "team-tourn"]
[EventCountry "CZE"]
[SourceTitle "playchess.com"]
[Source "ChessBase"]
[SourceQuality "1"]

{[%evp 15,77,11,56,61,54,54,64,39,59,18,22,31,32,12,92,81,84,74,91,75,87,67,66,70,112,110,121,78,77,77,78,67,95,32,31,29,52,37,95,106,103,64,64,64,65,65,86,68,99,91,91,87,131,81,153,160,29986,29987,29988,29989,29989,29990,29990,476]} 1. e4 c5 2. Nf3 d6 3. d4 cxd4 4. Nxd4 Nf6 5. Nc3 a6 6. Be2 e5 7. Nb3 Be7 8. O-O b5 9. a4 {B92: Sicilian Najdorf: 6 Be2.} b4 10. Nd5 Bb7 11. Bc4 {[#] White is slightly better.} O-O $146 ({Predecessor:} 11... Nbd7 12. f3 Rc8 13. Nxe7 Qb6+ 14. Kh1 Kxe7 15. Qe2 Qc7 16. Bxa6 Bxa6 17. Qxa6 Qxc2 18. Na5 Nc5 19. Qa7+ Nfd7 20. Bg5+ f6 21. Rac1 Qxa4 22. b3 Qb5 {0-1 (22) Meyer,J (1958)-Schuetze,A (2136) Nordrheinwestfalen 2013}) 12. Nxf6+ (12. Na5 $5 Qxa5 13. Nxe7+ {[%mdl 64] Discovered Attack} Kh8 14. Nf5 $14) 12... Bxf6 13. Bd5 Qc7 14. Na5 Qxa5 (14... Bxd5 $11 15. Qxd5 Nd7) 15. Bxb7 $16 {[%mdl 64] Discovered Attack} Ra7 {[#]} 16. Bd5 $1 Nd7 17. Bd2 Nc5 18. c3 bxc3 19. Bxc3 Qb6 20. b4 Ne6 21. Bxe6 fxe6 22. Qb3 Re8 23. Rfd1 Rd7 24. Rd3 (24. b5 $16) 24... d5 $14 25. Rdd1 d4 26. Bd2 Rc8 (26... Rc7 $14) 27. a5 $36 {[%mdl 2048] White has strong initiative.} Qd6 28. b5 axb5 29. Qxb5 Rb8 30. Qa4 Ra7 31. Rdb1 Be7 32. Rb5 Kf7 33. Qb3 Rc8 34. Rb6 Rc6 {[#]} ({Black should play} 34... Qd7) 35. Rb8 $1 {aiming for Qf3+.} Qc7 $2 (35... d3 $16 36. Rd1 Bd8) 36. Qf3+ {White mates.} Bf6 37. Qh5+ {[%mdl 64] Double Attack} Ke7 38. Qe8+ Kd6 39. Bb4+ {Accuracy: White = 79%, Black = 60%.} 1-0

[Event "WSTCC-65 2020"]
[Site "Prague"]
[Date "2020.03.07"]
[Round "2.23"]
[White "Baumbach, Friedrich"]
[Black "Hort, Vlastimil"]
[Result "0-1"]
[WhiteElo "2130"]
[BlackElo "2397"]
[Annotator "TA"]
[PlyCount "120"]
[EventDate "2020.03.06"]
[EventType "team-tourn"]
[EventCountry "CZE"]
[SourceTitle "playchess.com"]
[Source "ChessBase"]
[SourceQuality "1"]

{[%evp 17,120,21,25,-18,-16,-15,-24,-35,0,-20,-21,-27,-20,-43,-34,-117,-107,-100,-112,-104,-104,-104,-95,-95,-97,-117,-71,-73,-69,-68,-75,-73,-69,-101,-78,-78,-71,-123,-108,-113,-103,-135,-128,-185,-191,-188,-177,-177,-187,-187,-187,-175,-183,-201,-198,-197,-186,-242,-187,-187,-187,-172,-171,-336,-335,-334,-328,-962,-727,-797,-770,-1084,-1036,-1818,-1817,-1463,-1348,-12843,-12843,-12844,-12844,-12845,-12845,-12845,-12846,-12846,-12847,-12847,-12847,-12850,-29958,-12851,-29967,-12851,-29981,-12851,-29984,-12851,-29985,-12851,-29990,-12851,-27999,-12851,-29996]} 1. d4 d5 2. c4 dxc4 3. Nf3 Nf6 4. e3 a6 5. Bxc4 e6 6. O-O b5 7. Bd3 c5 8. dxc5 Bxc5 9. Qe2 Nbd7 10. Nc3 {D26: Queen's Gambit Accepted: 4 e3 e6 5 Bxc5 c5 sidelines.} Bb7 11. e4 Qb8 12. Bg5 {Black has an edge.} Ng4 13. h3 Nge5 {[#]} 14. Rad1 $146 ({Predecessor:} 14. Nxe5 Qxe5 15. Be3 O-O 16. Rad1 Rfd8 17. Bb1 Qc7 18. Rc1 Bxe3 19. Qxe3 {1-0 (35) Kunin,V (2535)-Stepanyan,E (2019) Rome 2018}) 14... O-O 15. Bf4 {Black should prevent Bxb5!} Bd6 {...Nxf3+ is the strong threat.} 16. Bc2 ({White should play} 16. Nxe5 $15 Nxe5 17. Bg3) 16... Nxf3+ $17 17. Qxf3 Bxf4 18. Rxd7 Bc6 19. Rdd1 Bh2+ 20. Kh1 Be5 21. Qe3 Qa7 22. Qxa7 Rxa7 23. f4 Bxc3 {White is on the road to losing.} 24. bxc3 Rc7 25. Rd4 Rfc8 26. Bb3 Be8 27. f5 (27. Rf3 $142) 27... exf5 ({Stronger than} 27... Rxc3 28. fxe6 R3c7 29. e5 $16) 28. Rxf5 Rxc3 29. e5 R3c5 30. Rdf4 (30. Kh2 $17) 30... R8c7 $1 $19 31. e6 {Black must now prevent Rxc5.} Rxf5 32. Rxf5 {[%mdl 4096] Endgame KRB-KRB} Kf8 33. exf7 Bxf7 34. Kg1 Ke8 35. Re5+ Re7 36. Bxf7+ Kxf7 {KR-KR} 37. Rc5 (37. Rf5+ {is a better defense.} Ke6 38. Rf8) 37... Re1+ 38. Kf2 Ra1 $1 39. Rc7+ {[#]} Kf8 $1 40. Rc8+ $2 (40. Rc2 {was the only chance.}) 40... Ke7 41. Rc7+ Kd6 42. Rxg7 $2 (42. Rc2 Kd5 43. Ke3) 42... Rxa2+ 43. Ke3 Kc5 44. Kd3 Kb4 45. h4 h5 46. g4 Rh2 47. gxh5 Rxh4 48. Rg5 a5 {[%cal Ba6a5,Ba5a4,Ba4a3][%mdl 32]} 49. Kc2 a4 50. Kb2 a3+ 51. Ka2 Ka4 52. Kb1 b4 {[%cal Bb5b4,Bb4b3][%mdl 32] ( -> ...Rh2)} 53. Rg1 Rxh5 54. Rf1 Rh3 (54... b3 $19 55. Re1 a2+ 56. Kb2 Rh2+ 57. Kc3 b2 58. Re4+ Ka3 59. Re6 Rh3+ 60. Kc4 b1=Q 61. Ra6+ Kb2 62. Rb6+ Kc2 63. Rc6 a1=Q 64. Kd5+ Rc3 65. Rh6 Qb5+ 66. Kd6 Rd3+ 67. Ke7 Qg7+ {[%mdl 64] Double Attack} 68. Ke6 Qbe5#) 55. Rg1 b3 56. Rg4+ Kb5 57. Rg1 Rc3 (57... a2+ $19 58. Kb2 Rd3) 58. Rh1 Kb4 (58... a2+ $19 59. Kb2 Kb4 60. Rh4+ Rc4 61. Rxc4+ Kxc4 62. Ka1 Kb4 63. Kb2 {[#]} a1=Q+ $1 {[%mdl 576] Deflection, Promotion} 64. Kxa1 Kc3 65. Kb1 b2 66. Ka2 Kc2 67. Ka3 b1=Q 68. Ka4 Qb6 69. Ka3 Qb3#) 59. Rh4+ Rc4 60. Rh1 a2+ {Accuracy: White = 59%, Black = 95%.} 0-1

[Event "WSTCC-65 2020"]
[Site "Prague"]
[Date "2020.03.07"]
[Round "2.24"]
[White "Buchal, Stephan"]
[Black "Walther, Hans-Wolfgang"]
[Result "1-0"]
[WhiteElo "2276"]
[BlackElo "2111"]
[Annotator "ChessBase"]
[PlyCount "104"]
[EventDate "2020.03.06"]
[EventType "team-tourn"]
[EventCountry "CZE"]
[SourceTitle "playchess.com"]
[Source "ChessBase"]
[SourceQuality "1"]
[TimeControl "40/5400+30:1800+30"]

1. c4 {[%emt 0:00:00]} Nf6 {[%emt 0:00:21]} 2. g3 {[%emt 0:00:00]} d5 {[%emt 0:03:54]} 3. cxd5 {[%emt 0:00:58]} Nxd5 {[%emt 0:00:19]} 4. Bg2 {[%emt 0:00:22]} c5 {[%emt 0:02:31]} 5. Nc3 {[%emt 0:01:06]} Nxc3 {[%emt 0:00:53]} 6. bxc3 {[%emt 0:00:10]} e5 {[%emt 0:02:48]} 7. Rb1 {[%emt 0:09:09]} Qc7 {[%emt 0:05:56]} 8. Nf3 {[%emt 0:09:14]} Nc6 {[%emt 0:03:30]} 9. O-O {[%emt 0:04:32]} Bd6 {[%emt 0:11:05]} 10. d4 {[%emt 0:03:21]} O-O {[%emt 0:05:16]} 11. d5 {[%emt 0:17:54]} Nd8 {[%emt 0:17:22]} 12. e4 {[%emt 0:03:45]} f6 {[%emt 0:08:18]} 13. c4 {[%emt 0:02:24]} Nf7 {[%emt 0:02:14]} 14. Ne1 {[%emt 0:04:35]} Bd7 {[%emt 0:05:22]} 15. Nd3 {[%emt 0:02:51]} g6 {[%emt 0:02:04]} 16. Bb2 {[%emt 0:11:14]} Rab8 {[%emt 0:05:26]} 17. Qd2 {[%emt 0:06:51]} b6 {[%emt 0:02:01]} 18. f4 {[%emt 0:02:11]} Rbe8 {[%emt 0:01:47]} 19. Rbe1 {[%emt 0:03:19]} a6 {[%emt 0:03:39]} 20. Kh1 {[%emt 0:04:11]} b5 {[%emt 0:01:12]} 21. Rc1 {[%emt 0:00:32]} b4 {[%emt 0:00:33]} 22. Rf2 {[%emt 0:00:47]} a5 {[%emt 0:00:40]} 23. Rcf1 {[%emt 0:01:24]} Kg7 {[%emt 0:04:36]} 24. Qc1 {[%emt 0:03:00]} Bc8 {[%emt 0:00:37]} 25. h4 {[%emt 0:01:21]} h5 {[%emt 0:01:34]} 26. Qd1 {[%emt 0:00:58]} Bg4 {[%emt 0:00:37]} 27. Bf3 {[%emt 0:01:26]} Nh6 {[%emt 0:00:48]} 28. fxe5 {[%emt 0:00:34]} fxe5 {[%emt 0:00:27]} 29. Bc1 {[%emt 0:03:09]} Bxf3+ {[%emt 0:02:48]} 30. Rxf3 {[%emt 0:00:02]} Ng4 {[%emt 0:00:18]} 31. Rxf8 {[%emt 0:01:10]} Rxf8 {[%emt 0:00:03]} 32. Rxf8 {[%emt 0:00:06]} Bxf8 {[%emt 0:00:53]} 33. Qa4 {[%emt 0:01:52]} Bd6 {[%emt 0:02:54]} 34. Bg5 {[%emt 0:00:32]} Kf7 {[%emt 0:01:18]} 35. Kg2 {[%emt 0:00:53]} Be7 {[%emt 0:00:35]} 36. Bd2 {[%emt 0:01:10]} Nf6 {[%emt 0:00:26]} 37. Nf2 {[%emt 0:00:05]} Nd7 {[%emt 0:00:36]} 38. Nh3 {[%emt 0:00:47]} Bd8 39. Qb5 {[%emt 0:00:56]} Be7 {[%emt 0:02:31]} 40. Bg5 {[%emt 0:00:00]} Bf8 {[%emt 0:00:00]} 41. Ng1 {[%emt 0:05:38]} Bd6 {[%emt 0:02:26]} 42. Nf3 {[%emt 0:01:54]} Ke8 {[%emt 0:01:25]} 43. Qa6 {[%emt 0:06:09]} Nb8 {[%emt 0:05:40]} 44. Qb5+ {[%emt 0:11:09]} Nd7 {[%emt 0:00:03]} 45. Kf2 {[%emt 0:01:58]} Qb6 {[%emt 0:02:17]} 46. Qa4 {[%emt 0:00:25]} Qc7 {[%emt 0:01:39]} 47. Ke2 {[%emt 0:01:43]} Kf7 {[%emt 0:00:39]} 48. Be3 {[%emt 0:01:03]} Be7 {[%emt 0:01:48]} 49. Qxd7 {[%emt 0:00:34]} Qxd7 {[%emt 0:00:14]} 50. Nxe5+ {[%emt 0:00:02]} Ke8 {[%emt 0:00:09]} 51. Nxd7 {[%emt 0:00:04]} Kxd7 {[%emt 0:00:05]} 52. e5 {[%emt 0:00:28]} a4 {[%emt 0:00:23]} 1-0

[Event "WSTCC-65 2020"]
[Site "Prague"]
[Date "2020.03.07"]
[Round "2.25"]
[White "Vogt, Lothar"]
[Black "Vaisser, Anatoly"]
[Result "1/2-1/2"]
[WhiteElo "2352"]
[BlackElo "2495"]
[Annotator "TA"]
[PlyCount "40"]
[EventDate "2020.03.06"]
[EventType "team-tourn"]
[EventCountry "CZE"]
[SourceTitle "playchess.com"]
[Source "ChessBase"]
[SourceQuality "1"]

{[%evp 27,40,3,14,0,0,0,0,0,0,0,0,0,0,0,0]} 1. e4 c5 2. Nf3 Nc6 3. Nc3 e6 4. d4 cxd4 5. Nxd4 Nf6 6. Ndb5 d6 7. Bf4 e5 8. Bg5 a6 9. Na3 b5 10. Nd5 Be7 11. Bxf6 Bxf6 12. c3 Bg5 13. Nc2 O-O 14. Be2 Be6 {The position is equal.} 15. Qd3 {B33: Sicilian: Pelikan and Sveshnikov Variations.} (15. a4 {seems wilder.} bxa4 16. Rxa4 a5 17. O-O Rb8 18. b4) 15... Ne7 16. Ncb4 Nxd5 17. Nxd5 Rb8 18. O-O Qd7 19. Rad1 {[#]} Rfc8 $146 ({Predecessor:} 19... h6 20. Qg3 Qb7 21. h4 Bd8 22. a3 f5 23. Nb4 a5 24. Rxd6 f4 25. Qf3 Qe7 26. Rxd8 Qxd8 {½-½ (35) Petukhov,V (2158)-Karpanov,V (2255) ICCF email 2014}) 20. Qg3 h6 {An uneventful encounter.} 1/2-1/2

[Event "WSTCC-65 2020"]
[Site "Prague"]
[Date "2020.03.07"]
[Round "2.26"]
[White "Giffard, Nicolas"]
[Black "Sandmeier, Toni"]
[Result "1-0"]
[WhiteElo "2236"]
[BlackElo "2190"]
[Annotator "TA"]
[PlyCount "73"]
[EventDate "2020.03.06"]
[EventType "team-tourn"]
[EventCountry "CZE"]
[SourceTitle "playchess.com"]
[Source "ChessBase"]
[SourceQuality "1"]

{[%evp 17,73,33,27,29,54,55,45,30,62,48,52,49,59,32,25,18,22,8,15,10,28,10,19,18,63,18,59,55,64,67,62,71,83,52,63,57,53,46,202,104,102,100,95,-14,0,0,0,0,22,17,375,375,1566,1075,29971,12262,5243,639]} 1. d4 Nf6 2. c4 e6 3. Nf3 c5 4. g3 cxd4 5. Nxd4 a6 6. Bg2 Qc7 7. Nd2 Be7 8. O-O O-O 9. b3 d6 10. Bb2 {A32: Symmetrical English: 2 Nf3 Nf6 3 d4 cxd4 4 Nxd4 e6.} Nbd7 11. Rc1 Rb8 12. Qc2 {[#] White is slightly better.} Qa5 $146 ({Predecessor:} 12... b6 13. Nc6 Bd8 14. Nxb8 Qxb8 15. Rfd1 e5 16. Nf1 Nc5 17. Ne3 Be6 18. Nd5 Ng4 {1-0 (39) Schulz,W (2015)-Magyar,P (1510) Winnipeg 2015}) 13. a3 Qh5 14. h3 Ne5 15. N4f3 (15. b4 {is interesting.} Bd7 16. f4 Ng6 17. e4 Rfc8 18. N4b3) 15... Nxf3+ 16. Nxf3 ({Much worse is} 16. Bxf3 Qxh3 17. Bxf6 gxf6 $15) 16... Bd7 17. g4 Qa5 18. Nd4 {[%cal Bf3d4,Bd4e2,Be2c3][%mdl 32]} Rfc8 19. b4 $36 {[%mdl 2048] White has the initiative.} Qd8 20. Qd3 g6 21. e3 e5 22. Ne2 b5 23. c5 Be6 24. Rfd1 {[%cal Rc5d6]} Bc4 25. Qc2 {aiming for Bxe5!} Qf8 26. cxd6 Bxd6 27. Nc3 a5 $2 (27... Be6 $14) 28. g5 (28. bxa5 $18 Bxa3 29. a6) 28... axb4 $16 29. axb4 Ne8 30. Qe4 ({White should play} 30. Ne4 $16 {Black must now prevent Rxd6!} Qe7 31. f4) 30... f5 31. gxf6 Nxf6 32. Qh4 Bxb4 33. Nd5 Nxd5 $4 {[%mdl 8192]} (33... Bxd5 $11 34. Rxc8 Rxc8 35. Rxd5 Bc3 36. Rxb5 Bxb2 37. Rxb2 Rc1+ 38. Kh2 Qd6) 34. Rxc4 $1 $18 Nc3 $2 (34... Rd8) 35. Rxb4 e4 {[#]} 36. Bxc3 (36. Rd7 $142 $1 {[%mdl 512]} h5 37. Bxc3 Rxc3 38. Bxe4 $1 {[%mdl 512]} Rd3 39. Bxd3 Rc8 40. Bxg6 Rc1+ 41. Kg2 $1 {[%mdl 512]}) 36... Rxc3 {[#]} 37. Qxe4 {Accuracy: White = 56%, Black = 49%.} (37. Rd7 $142 $1 {[%mdl 512]} h6 {[#]} 38. Bxe4 $1 {[%mdl 512]} Rc1+ 39. Kh2) 1-0

[Event "WSTCC-65 2020"]
[Site "Prague"]
[Date "2020.03.07"]
[Round "2.27"]
[White "Dekan, Hans"]
[Black "Boudre, Jean-Pierre"]
[Result "0-1"]
[WhiteElo "2099"]
[BlackElo "2263"]
[Annotator "TA"]
[PlyCount "80"]
[EventDate "2020.03.06"]
[EventType "team-tourn"]
[EventCountry "CZE"]
[SourceTitle "playchess.com"]
[Source "ChessBase"]
[SourceQuality "1"]

{[%evp 20,80,8,-6,0,0,5,1,9,13,9,-10,-11,-16,-8,-60,-57,-69,-67,-62,-58,-96,-71,-69,-43,-81,-70,-78,-61,-52,-37,-85,-85,-87,-96,-107,-100,-111,-112,-109,-88,-123,-93,-370,-345,-538,-470,-687,-669,-899,-846,-5485,-5397,-5481,-5285,-29952,-2107,-29944,-29959,-2087,-1897,-5722,-1698]} 1. e4 e5 2. Nf3 Nc6 3. Bc4 Nf6 4. d3 Be7 5. O-O O-O 6. Nc3 d6 7. h3 Na5 8. Bb3 Nxb3 9. axb3 c6 10. d4 Qc7 11. Be3 b5 {C55: Two Knights: 4 d3, 4 d4 exd4 5 e5 and Max Lange Attack.} 12. b4 a6 {[#]} 13. Qe2 $146 ({Predecessor:} 13. Re1 Bb7 14. dxe5 dxe5 15. Bc5 Bxc5 16. bxc5 Rfd8 17. Qe2 a5 18. Red1 Qe7 19. Rxd8+ Rxd8 {½-½ (39) Osunfuyi,A (2176)-Fawole,J (2199) Lome 2015}) 13... Bb7 {The position is equal.} 14. Bg5 Rfe8 15. dxe5 dxe5 16. Bxf6 Bxf6 17. Nd1 (17. Ne1 $11) 17... Be7 $15 18. c3 c5 19. bxc5 Bxc5 20. b4 Bb6 21. Rc1 Rac8 22. Nd2 Qe7 23. Ne3 Qe6 24. Rfd1 Red8 25. Nf5 g6 $36 {[%mdl 2048] White is under strong pressure.} 26. Ne3 Kg7 27. Kh2 Rd7 28. Rc2 Rcd8 29. Nef1 Qf6 30. f3 h5 31. g3 $2 {[%mdl 8192]} (31. Rb1 $17) 31... h4 $19 32. Qg2 (32. g4 $142 Rd3 33. Kh1) 32... hxg3+ 33. Qxg3 (33. Nxg3 $142 Qf4 34. Kh1) 33... Rh8 34. Re1 Rdd8 {...Bc8 is the strong threat.} 35. Ne3 Bxe3 36. Rxe3 Bc8 37. Kg1 Rxh3 38. Qg2 Qh4 39. Nf1 Rh8 40. Nh2 {[#]} Rg3 $1 {Black took control after the opening. Accuracy: White = 41%, Black = 86%.} 0-1